[Event "Ceske Budejovice op"]
[Site "Ceske Budejovice"]
[Date "2019.07.07"]
[Round "9"]
[White "Szotkowski, David"]
[Black "Tajovsky, Matej"]
[Result "1-0"]
[WhiteElo "1869"]
[BlackElo "1779"]
[PlyCount "53"]
[EventDate "2019.06.29"]
[EventType "swiss"]
[EventRounds "9"]
[EventCountry "CZE"]
[SourceTitle "CBM 191 Extra"]
[Source "ChessBase"]
[SourceDate "2019.09.30"]
[SourceVersion "1"]
[SourceVersionDate "2019.09.30"]
[SourceQuality "1"]

1. Nf3 d5 2. c4 e6 3. d4 Nf6 4. cxd5 exd5 5. Bg5 Nbd7 6. Nc3 Be7 7. e3 0-0 8. Bd3 c6 9. 0-0 Re8 10. h3 Nf8 11. Qc2 Ng6 12. a3 a5 13. Ne5 Ne4 14. Bxe7 Qxe7 15. Nxe4 dxe4 16. Bxe4 Nxe5 17. dxe5 g6 18. f4 f6 19. Qb3+ Be6 20. Qc3 Bf7 21. Bc2 fxe5 22. f5 e4 23. fxg6 hxg6 24. Rxf7 Qxf7 25. Bb3 Re6 26. Rf1 Qe7 27. Rf6 1-0

[Event "CZE-chT U18 Extraliga final-A 1718"]
[Site "Czech Republic"]
[Date "2018.04.20"]
[Round "8.2"]
[White "Stanek, Ondrej1111"]
[Black "Szotkowski, David"]
[Result "1-0"]
[WhiteElo "1910"]
[BlackElo "1997"]
[PlyCount "127"]
[EventDate "2017.10.07"]
[EventType "team-tourn"]
[EventRounds "11"]
[EventCountry "CZE"]
[SourceTitle "EXT 2023"]
[Source "ChessBase"]
[SourceDate "2022.10.05"]
[SourceVersion "1"]
[SourceVersionDate "2022.10.05"]
[SourceQuality "1"]
[WhiteTeam "Praha Bohemians (U18)"]
[BlackTeam "Frydek Mistek Interchess (U18)"]
[WhiteTeamCountry "CZE"]
[BlackTeamCountry "CZE"]

1. e4 c5 2. Nf3 d6 3. Bb5+ Bd7 4. Bxd7+ Qxd7 5. 0-0 Nc6 6. c3 Nf6 7. d4 cxd4 8. cxd4 d5 9. e5 Ne4 10. Ne1 h6 11. f3 Ng5 12. f4 Ne4 13. Be3 e6 14. Nd2 Nxd2 15. Qxd2 Bb4 16. Qd3 Rc8 17. a3 Bxe1 18. Raxe1 Ne7 19. Rf3 h5 20. Rh3 Qa4 21. b3 Qxa3 22. Qb5+ Rc6 23. Qxb7 Qa6 24. Qb8+ Rc8 25. Qb4 Nf5 26. Bc1 Kd7 27. Bb2 Rb8 28. Qd2 Qb6 29. Ra1 g6 30. Rd3 Rhc8 31. Ba3 a6 32. Bc5 Qb7 33. Ra5 Rc6 34. Qa2 Rbc8 35. b4 R8c7 36. h3 Ne7 37. Rda3 h4 38. Kh2 Nc8 39. Rxa6 Rxa6 40. Rxa6 Qb5 41. Qa4 Qxa4 42. Rxa4 Ne7 43. b5 Rb7 44. Ra5 Nf5 45. Kg1 Ne3 46. Kf2 Nc4 47. Ra7 Rxa7 48. Bxa7 Na3 49. b6 Kc6 50. Kf3 Nb5 51. b7 Kxb7 52. Bc5 Nc3 53. Be7 Kc6 54. Bxh4 Kb5 55. Be1 Ne4 56. Ke3 Kc4 57. g4 g5 58. fxg5 Nxg5 59. h4 Ne4 60. h5 Ng5 61. Bh4 Nh7 62. Be7 Kb5 63. g5 Kc6 64. g6 1-0

[Event "CZE-chT U18 Extraliga Ost 1718"]
[Site "Czech Republic"]
[Date "2018.01.20"]
[Round "6.2"]
[White "Stalmach, Richard"]
[Black "Szotkowski, David"]
[Result "1/2-1/2"]
[WhiteElo "1899"]
[BlackElo "1997"]
[PlyCount "58"]
[EventDate "2017.10.07"]
[EventType "team-tourn"]
[EventRounds "11"]
[EventCountry "CZE"]
[SourceTitle "EXT 2023"]
[Source "ChessBase"]
[SourceDate "2022.10.05"]
[SourceVersion "1"]
[SourceVersionDate "2022.10.05"]
[SourceQuality "1"]
[WhiteTeam "Frydek Mistek BSS (U18)"]
[BlackTeam "Frydek Mistek Interchess (U18)"]
[WhiteTeamCountry "CZE"]
[BlackTeamCountry "CZE"]

1. d4 Nf6 2. c4 c5 3. d5 b5 4. cxb5 a6 5. bxa6 e6 6. Nc3 Nxd5 7. Nxd5 exd5 8. Qxd5 Nc6 9. e4 Be7 10. Nf3 0-0 11. Bd2 Qb6 12. Bc3 Bxa6 13. Bc4 Nb4 14. Bxb4 Qxb4+ 15. Nd2 Qxb2 16. 0-0 Bf6 17. Rab1 Qd4 18. a3 Qxd5 19. exd5 Bc3 20. Bxa6 Bxd2 21. Bb5 d6 22. Rfd1 Bc3 23. Rb3 Bd4 24. Re1 Rfc8 25. Bc6 c4 26. Rf3 Rab8 27. Rf4 Bc3 28. Rd1 Bb2 29. Rxc4 Bxa3 1/2-1/2

[Event "CZE-chT U18 Extraliga Ost 1718"]
[Site "Czech Republic"]
[Date "2017.11.25"]
[Round "5.2"]
[White "Szotkowski, David"]
[Black "Mrkus, Frantisek"]
[Result "1-0"]
[WhiteElo "1997"]
[BlackElo "2000"]
[PlyCount "61"]
[EventDate "2017.10.07"]
[EventType "team-tourn"]
[EventRounds "11"]
[EventCountry "CZE"]
[SourceTitle "EXT 2023"]
[Source "ChessBase"]
[SourceDate "2022.10.05"]
[SourceVersion "1"]
[SourceVersionDate "2022.10.05"]
[SourceQuality "1"]
[WhiteTeam "Frydek Mistek Interchess (U18)"]
[BlackTeam "Stare Mesto (U18)"]
[WhiteTeamCountry "CZE"]
[BlackTeamCountry "CZE"]

1. d4 d5 2. c4 c6 3. Nf3 Nf6 4. e3 e6 5. Nc3 Nbd7 6. Qc2 Bd6 7. b3 0-0 8. Bb2 Re8 9. Be2 b6 10. 0-0 Bb7 11. Rac1 a6 12. a4 Qc7 13. Bd3 e5 14. dxe5 Nxe5 15. Nxe5 Rxe5 16. Ne2 Rh5 17. Ng3 Rh4 18. Bxf6 gxf6 19. f4 dxc4 20. Qxc4 Re8 21. Nf5 Rh5 22. Rf3 Bc5 23. Re1 Kh8 24. g4 Rxf5 25. Bxf5 Kg7 26. Rh3 h6 27. b4 Bd6 28. g5 fxg5 29. Qd4+ f6 30. Rxh6 Qd8 31. Rh7+ 1-0

[Event "Budapest FS09 FM"]
[Site "Budapest"]
[Date "2017.09.12"]
[Round "10"]
[White "Albi Bachini Conti, Silvia"]
[Black "Szotkowski, David"]
[Result "1/2-1/2"]
[WhiteElo "1836"]
[BlackElo "1949"]
[PlyCount "37"]
[EventDate "2017.09.02"]
[EventType "tourn"]
[EventRounds "10"]
[EventCountry "HUN"]
[SourceTitle "CBM 180 Extra"]
[Source "ChessBase"]
[SourceDate "2017.10.06"]
[SourceVersion "1"]
[SourceVersionDate "2017.10.06"]
[SourceQuality "1"]

1. e4 c5 2. c3 d5 3. exd5 Qxd5 4. d4 Nf6 5. Nf3 Bg4 6. Be2 e6 7. 0-0 Be7 8. h3 Bh5 9. Be3 cxd4 10. Nxd4 Bxe2 11. Qxe2 0-0 12. Rd1 Rd8 13. c4 Qa5 14. Nc3 Nc6 15. Nxc6 bxc6 16. a3 Qc7 17. Rxd8+ Rxd8 18. Rd1 h6 19. Rxd8+ 1/2-1/2

[Event "Budapest FS09 FM"]
[Site "Budapest"]
[Date "2017.09.10"]
[Round "8"]
[White "Szotkowski, David"]
[Black "Eperjesi, Laszlo"]
[Result "1/2-1/2"]
[WhiteElo "1949"]
[BlackElo "2133"]
[PlyCount "24"]
[EventDate "2017.09.02"]
[EventType "tourn"]
[EventRounds "10"]
[EventCountry "HUN"]
[SourceTitle "CBM 180 Extra"]
[Source "ChessBase"]
[SourceDate "2017.10.06"]
[SourceVersion "1"]
[SourceVersionDate "2017.10.06"]
[SourceQuality "1"]

1. d4 Nf6 2. c4 e6 3. Nc3 Bb4 4. g3 c5 5. Nf3 cxd4 6. Nxd4 0-0 7. Bg2 d5 8. cxd5 Nxd5 9. Qb3 Nc6 10. Nxc6 bxc6 11. 0-0 Rb8 12. Rd1 Qc7 1/2-1/2

[Event "Budapest FS09 FM"]
[Site "Budapest"]
[Date "2017.09.09"]
[Round "7"]
[White "Zoltan, Andras"]
[Black "Szotkowski, David"]
[Result "1/2-1/2"]
[WhiteElo "1945"]
[BlackElo "1949"]
[PlyCount "54"]
[EventDate "2017.09.02"]
[EventType "tourn"]
[EventRounds "10"]
[EventCountry "HUN"]
[SourceTitle "CBM 180 Extra"]
[Source "ChessBase"]
[SourceDate "2017.10.06"]
[SourceVersion "1"]
[SourceVersionDate "2017.10.06"]
[SourceQuality "1"]

1. e4 c5 2. Nf3 d6 3. Bb5+ Bd7 4. Bxd7+ Nxd7 5. c3 g6 6. d4 Bg7 7. 0-0 e6 8. Bf4 e5 9. dxe5 dxe5 10. Be3 Ngf6 11. Qc2 0-0 12. c4 Qc7 13. Nc3 a6 14. Rad1 Rad8 15. Nd5 Nxd5 16. Rxd5 b6 17. Rfd1 Nb8 18. Bg5 Rxd5 19. cxd5 Qd6 20. Nd2 b5 21. a4 Nd7 22. axb5 axb5 23. Ra1 f5 24. f3 fxe4 25. fxe4 c4 26. Be3 Nf6 27. h3 Nd7 1/2-1/2

[Event "Budapest FS09 FM"]
[Site "Budapest"]
[Date "2017.09.05"]
[Round "4"]
[White "Takacs, Zsolt Otto"]
[Black "Szotkowski, David"]
[Result "0-1"]
[WhiteElo "1803"]
[BlackElo "1949"]
[PlyCount "80"]
[EventDate "2017.09.02"]
[EventType "tourn"]
[EventRounds "10"]
[EventCountry "HUN"]
[SourceTitle "CBM 180 Extra"]
[Source "ChessBase"]
[SourceDate "2017.10.06"]
[SourceVersion "1"]
[SourceVersionDate "2017.10.06"]
[SourceQuality "1"]

1. e4 c5 2. Nf3 Nc6 3. d4 cxd4 4. Nxd4 g6 5. Bc4 Bg7 6. Be3 d6 7. Nc3 Nf6 8. f3 Bd7 9. Qd2 Rc8 10. Bb3 Ne5 11. 0-0-0 0-0 12. g4 a5 13. a3 b5 14. g5 Nh5 15. h4 b4 16. Nd5 Nc4 17. Bxc4 Rxc4 18. b3 Rc8 19. axb4 a4 20. Kb1 e6 21. Nc3 axb3 22. cxb3 Rb8 23. Nc2 Qc7 24. Na2 Rfc8 25. Rde1 Qb7 26. Rc1 Bc6 27. Bd4 Bxe4 28. Bxg7 Nxg7 29. Qxd6 Rxc2 30. Rxc2 Nf5 31. Qe5 Bxc2+ 32. Kxc2 Rc8+ 33. Kb2 Qd7 34. Rc1 Qd2+ 35. Kb1 Rd8 36. Rc2 Qd1+ 37. Nc1 Nd4 38. Rc7 Nxb3 39. Qf6 Rf8 40. Qb2 Nd2+ 0-1

[Event "Budapest FS09 FM"]
[Site "Budapest"]
[Date "2017.09.03"]
[Round "2"]
[White "Szotkowski, David"]
[Black "Zoltan, Andras"]
[Result "0-1"]
[WhiteElo "1949"]
[BlackElo "1945"]
[PlyCount "66"]
[EventDate "2017.09.02"]
[EventType "tourn"]
[EventRounds "10"]
[EventCountry "HUN"]
[SourceTitle "CBM 180 Extra"]
[Source "ChessBase"]
[SourceDate "2017.10.06"]
[SourceVersion "1"]
[SourceVersionDate "2017.10.06"]
[SourceQuality "1"]

1. d4 d5 2. c4 e5 3. dxe5 d4 4. Nf3 Nc6 5. e3 Bb4+ 6. Bd2 dxe3 7. fxe3 Nh6 8. Bxb4 Qxd1+ 9. Kxd1 Nxb4 10. a3 Nc6 11. Bd3 Ng4 12. Ke2 Ngxe5 13. Nc3 Nxd3 14. Kxd3 Bg4 15. Nd5 0-0-0 16. Kc3 Rhe8 17. Rhf1 Ne7 18. Nxe7+ Rxe7 19. Rae1 Bxf3 20. gxf3 Red7 21. Re2 Rd3+ 22. Kc2 a5 23. b3 a4 24. Rb1 b6 25. h3 g6 26. Rb2 axb3+ 27. Rxb3 Rxb3 28. Kxb3 Rd1 29. Kc3 Rh1 30. Kd4 Rxh3 31. Rf2 Rh5 32. e4 Kd7 33. f4 c5+ 0-1

[Event "Liptovsky Mikulas CupT U20"]
[Site "Liptovsky Mikulas"]
[Date "2017.06.25"]
[Round "8.2"]
[White "Sobelga, Lukasz"]
[Black "Szotkowski, David"]
[Result "1/2-1/2"]
[WhiteElo "1459"]
[BlackElo "1901"]
[PlyCount "111"]
[EventDate "2017.06.21"]
[EventType "team-swiss"]
[EventRounds "8"]
[EventCountry "SVK"]
[SourceTitle "CBM 179 Extra"]
[Source "ChessBase"]
[SourceDate "2017.08.23"]
[SourceVersion "1"]
[SourceVersionDate "2017.08.23"]
[SourceQuality "1"]
[WhiteTeam "Krakow Wisla"]
[BlackTeam "Interchess"]
[WhiteTeamCountry "POL"]
[BlackTeamCountry "CZE"]

1. e4 c5 2. Nf3 d6 3. Bb5+ Bd7 4. Bxd7+ Nxd7 5. c3 Ngf6 6. d3 g6 7. 0-0 Bg7 8. Nbd2 0-0 9. Re1 Qc7 10. Nf1 b5 11. Bf4 Nh5 12. Bg5 Rfe8 13. Qd2 Rab8 14. Bh6 b4 15. Bxg7 Nxg7 16. Ne3 Nf6 17. Rec1 Qb7 18. Qc2 bxc3 19. bxc3 Qb2 20. Qxb2 Rxb2 21. Nc4 Rb7 22. Rab1 Reb8 23. Nfd2 Ne6 24. g3 d5 25. exd5 Nxd5 26. Ne3 Nb6 27. Ndc4 Nxc4 28. Rxb7 Rxb7 29. Nxc4 Kg7 30. f3 Kf6 31. Kf2 h5 32. Rc2 g5 33. Nd2 Rb8 34. Ke3 Ke5 35. Nb3 Kd5 36. Rg2 c4 37. Nc1 f5 38. Rd2 Nc5 39. dxc4+ Kxc4 40. Ne2 e5 41. f4 Ne4 42. Rd7 exf4+ 43. gxf4 a5 44. fxg5 Re8 45. Kf4 Nxg5 46. Rc7+ Kd3 47. Nc1+ Kc2 48. Kxg5 Kxc1 49. Rc5 a4 50. Ra5 Re4 51. Kxf5 Rh4 52. Kg5 Rxh2 53. Rxa4 Kb2 54. c4 h4 55. c5 Rc2 56. Kxh4 1/2-1/2

[Event "Liptovsky Mikulas CupT U20"]
[Site "Liptovsky Mikulas"]
[Date "2017.06.23"]
[Round "5.2"]
[White "Golda, Sebastian"]
[Black "Szotkowski, David"]
[Result "0-1"]
[WhiteElo "1997"]
[BlackElo "1901"]
[PlyCount "96"]
[EventDate "2017.06.21"]
[EventType "team-swiss"]
[EventRounds "8"]
[EventCountry "SVK"]
[SourceTitle "CBM 179 Extra"]
[Source "ChessBase"]
[SourceDate "2017.08.23"]
[SourceVersion "1"]
[SourceVersionDate "2017.08.23"]
[SourceQuality "1"]
[WhiteTeam "Krakow CC"]
[BlackTeam "Interchess"]
[WhiteTeamCountry "POL"]
[BlackTeamCountry "CZE"]

1. e4 c5 2. Nf3 d6 3. d4 cxd4 4. Nxd4 Nf6 5. Nc3 a6 6. h3 e5 7. Nde2 Be7 8. g4 b5 9. Ng3 b4 10. Nd5 Nxd5 11. Qxd5 Ra7 12. Be3 Be6 13. Qd3 Rb7 14. Nf5 0-0 15. Nxe7+ Qxe7 16. Bg2 Rc7 17. f4 Rfc8 18. f5 Rxc2 19. fxe6 Rxg2 20. Bf2 Qf6 21. exf7+ Qxf7 22. Rf1 Rf8 23. Qd5 Qxd5 24. exd5 Nd7 25. Rc1 e4 26. Bd4 Rxf1+ 27. Kxf1 Rd2 28. Rc4 a5 29. Ke1 Rd3 30. Ke2 Nf6 31. Bb6 Rxd5 32. h4 Nxg4 33. Rxe4 Ne5 34. Bc7 Kf7 35. Bxd6 Rxd6 36. Rxe5 Re6 37. Rxe6 Kxe6 38. Kf3 Kf5 39. a3 bxa3 40. bxa3 g5 41. hxg5 Kxg5 42. Kg3 Kf5 43. Kf3 Ke5 44. Ke3 Kd5 45. Kd3 Kc5 46. Kc3 h5 47. Kb3 h4 48. Ka4 Kb6 0-1

[Event "CZE-ch U14"]
[Site "Kouty nad Desnou"]
[Date "2017.03.16"]
[Round "7"]
[White "Szotkowski, David"]
[Black "Mica, Marek"]
[Result "1/2-1/2"]
[WhiteElo "1793"]
[BlackElo "1893"]
[PlyCount "149"]
[EventDate "2017.03.11"]
[EventType "swiss"]
[EventRounds "9"]
[EventCountry "CZE"]
[SourceTitle "CBM 177 Extra"]
[Source "ChessBase"]
[SourceDate "2017.04.27"]
[SourceVersion "1"]
[SourceVersionDate "2017.04.27"]
[SourceQuality "1"]

1. d4 d5 2. c4 e6 3. Nc3 Nf6 4. cxd5 exd5 5. Bg5 c6 6. e3 Be7 7. Qc2 Nbd7 8. Bd3 h6 9. Bh4 Nh5 10. Bxe7 Qxe7 11. 0-0-0 Nhf6 12. Nf3 b5 13. g4 Bb7 14. Rhg1 Rc8 15. Kb1 b4 16. Na4 Ne4 17. Bxe4 Qxe4 18. Qxe4+ dxe4 19. Nd2 c5 20. Nc4 Ke7 21. dxc5 Nxc5 22. Nxc5 Rxc5 23. Nd6 Bd5 24. Nf5+ Kf6 25. Rd4 g6 26. Rgd1 Bxa2+ 27. Kxa2 gxf5 28. Rxb4 fxg4 29. Rxe4 Rf5 30. Rxg4 Rxf2 31. Ka3 Kf5 32. Ra4 Re8 33. Rd5+ Kg6 34. Rd3 Re7 35. Rd6+ f6 36. h4 Rxe3+ 37. Ka2 Ree2 38. Rb4 Re7 39. Ra6 h5 40. Kb3 Rfe2 41. Rf4 R2e3+ 42. Kc2 R3e6 43. Ra5 Re2+ 44. Kc1 R2e4 45. Ra4 Rxf4 46. Rxf4 f5 47. Kd2 Re4 48. Rf3 Rxh4 49. Ra3 Rb4 50. Rxa7 Rxb2+ 51. Ke3 h4 52. Kf4 Rb4+ 53. Kf3 Rg4 54. Ra8 Rb4 55. Rh8 Rb3+ 56. Kf4 h3 57. Rg8+ Kh7 58. Rg1 Kh6 59. Kxf5 Kh5 60. Rg5+ Kh4 61. Rg4+ Kh5 62. Rg5+ Kh6 63. Rg6+ Kh7 64. Rg1 Kh6 65. Rg6+ Kh7 66. Rg1 Rb2 67. Rh1 h2 68. Kg4 Kg6 69. Kg3 Kg5 70. Rxh2 Rb3+ 71. Kf2 Rb2+ 72. Kg3 Rb3+ 73. Kf2 Kg4 74. Rh8 Kf4 75. Rf8+ 1/2-1/2

[Event "CZE-ch U14"]
[Site "Kouty nad Desnou"]
[Date "2017.03.13"]
[Round "4"]
[White "Szotkowski, David"]
[Black "Demko, Robert"]
[Result "1-0"]
[WhiteElo "1793"]
[BlackElo "1805"]
[PlyCount "75"]
[EventDate "2017.03.11"]
[EventType "swiss"]
[EventRounds "9"]
[EventCountry "CZE"]
[SourceTitle "CBM 177 Extra"]
[Source "ChessBase"]
[SourceDate "2017.04.27"]
[SourceVersion "1"]
[SourceVersionDate "2017.04.27"]
[SourceQuality "1"]

1. d4 Nf6 2. c4 e6 3. Nf3 Bb4+ 4. Bd2 c5 5. g3 0-0 6. Bg2 Nc6 7. Bxb4 cxb4 8. 0-0 d6 9. Nbd2 e5 10. dxe5 dxe5 11. Qc2 Qc7 12. Rac1 Bg4 13. c5 Rad8 14. e3 Bh5 15. Rfd1 Rfe8 16. Ne4 Nxe4 17. Qxe4 Bg6 18. Qc4 h6 19. Nh4 Bh7 20. Bd5 a5 21. Nf3 e4 22. Bxc6 Qxc6 23. Nd4 Qc8 24. c6 Qc7 25. Qb5 b6 26. Qc4 Qe5 27. c7 Rc8 28. Nb5 Re7 29. Rd8+ Re8 30. Rxe8+ Qxe8 31. Nd6 Qd7 32. Nxc8 Qxc8 33. Qa6 Bf5 34. Qxb6 Kf8 35. Rd1 Bd7 36. Qb8 Ke7 37. Qxc8 Bxc8 38. Rd8 1-0

[Event "Kaunas Butnorius 70 op"]
[Site "Kaunas"]
[Date "2016.08.07"]
[Round "9"]
[White "Pluta, Paulius"]
[Black "Szotkowski, David"]
[Result "1-0"]
[WhiteElo "1692"]
[BlackElo "1759"]
[PlyCount "27"]
[EventDate "2016.08.01"]
[EventType "swiss"]
[EventRounds "9"]
[EventCountry "LTU"]
[SourceTitle "CBM 173 Extra"]
[Source "ChessBase"]
[SourceDate "2016.08.29"]
[SourceVersion "1"]
[SourceVersionDate "2016.08.29"]
[SourceQuality "1"]

1. e4 c5 2. c3 d5 3. exd5 Qxd5 4. d4 g6 5. Nf3 Bg7 6. Na3 Nh6 7. Bc4 Qe4+ 8. Be3 cxd4 9. cxd4 0-0 10. 0-0 Nc6 11. Re1 Qg4 12. h3 Qd7 13. d5 Ne5 14. Nxe5 1-0

[Event "Kaunas Butnorius 70 op"]
[Site "Kaunas"]
[Date "2016.08.04"]
[Round "6"]
[White "Szotkowski, David"]
[Black "Radzvilaviciene, Daiva"]
[Result "1/2-1/2"]
[WhiteElo "1759"]
[BlackElo "1565"]
[PlyCount "47"]
[EventDate "2016.08.01"]
[EventType "swiss"]
[EventRounds "9"]
[EventCountry "LTU"]
[SourceTitle "CBM 173 Extra"]
[Source "ChessBase"]
[SourceDate "2016.08.29"]
[SourceVersion "1"]
[SourceVersionDate "2016.08.29"]
[SourceQuality "1"]

1. d4 d5 2. c4 e6 3. Nf3 c6 4. e3 Nf6 5. b3 Bb4+ 6. Bd2 Bxd2+ 7. Nbxd2 0-0 8. Bd3 Nbd7 9. 0-0 Re8 10. e4 dxe4 11. Nxe4 Nxe4 12. Bxe4 Nf6 13. Bc2 b5 14. Ne5 Bb7 15. Re1 Qc7 16. Qe2 b4 17. Rad1 a5 18. Qe3 Rad8 19. h3 Ra8 20. Nd3 Qe7 21. Nc5 Bc8 22. Rd2 Nd7 23. Red1 Nxc5 24. dxc5 1/2-1/2